000 00594nam a22002297a 4500
003 UA-OsUOA
001 99155
007 ta
008 20130424b un ||||| |||| 00| 0 ukr d
100 _aСпарс В.
090 _a821.161.1
_bС71
942 _cBK
040 _aUA-OsUOA
_brus
_cUA-OsUOA
_dUA-OsUOA
245 _aДиалог
_bроман
300 _a245 с.
955 _a3
041 _arus
080 _a821.161.1
260 _aМ.
_bСоветский писатель
_c1985
650 7 _a82 Література. Літературознавство
_2UDC
999 _c385687
_d385687